00775nam a2200241 a 4500001001300000003000900013005001700022008004100039020002400080082001300104100002000117245008100137260004100218300000900259500003500268505002600303650002300329700002000352902000800372942000700380952013100387999001500518nice12345678IN_TiNIC20260116012739.0050524s1979 newa grp 000 0 eng  a0875521 c107300a190bSIN aSinger, C Gregg aFrom Rationalism to Irrationalityb Decline of the Western Mind from the Res aNew JerseybP and R Publishingc1979 a479p aincludes index and biblioraphy2 aBibliography, Indices aPhilosophy-Western1 aSinger, C Gregg bSRS cBK 001040708StackRoom-aHMIbHMId2010-11-18g1073.00l2m1o190 SINp014758r2018-08-07s2018-08-03v1073.00w2005-05-24yBK c8209d8209